000 00685nam a2200229Ia 4500
005 20231124111006.0
008 131103s9999 xx 000 0 und d
020 _a8120803256
_cRs.85
040 _aLoreto College
041 _aEnglish
082 _a396
_bALT
100 _aAltekar,A.S.
245 _aPosition of Women in Hindu Civilization
_b
_cA.S.Altekar
250 _a2nd ed.
_b From rehistoric times to the present day
260 _aDelhi
_bMotilal Banarsidass
_c1959 (1991 printing)
300 _axvi,378 p.
_b plates
504 _aIncludes bibliographical references and index
650 _aWomen Studies
651 _aIndian Women
850 _aLCLIB
942 _cBK
999 _c11293
_d61772